000 00644nam a22002057a 4500
005 20220127140347.0
008 010319d2000 mx a r 00110 spa d
010 _a83774
011 _a84746
020 _a968752961X
035 _a95272
082 0 4 _a657
_bW3Y 1999
245 0 0 _aContabilidad administrativa
_c/por Carl S. Warren, James M. Reeve y Philip E. Fess
260 _aMéxico, D.F. :
_bInternational Thomson,
_c2000.
300 _a1144 p. :
_bilus. ; apénd. ; glosario
500 _aTrad. de : Managerial accounting. 6ed., 1999.
590 _aCONVERSION
_b10
_c20130109
_lUCH01
_h1347
901 _aBK
905 _aLilia Sánchez G.
999 _c83774
_d83774